[Event "Magistral Ajedrez 2019"]
[Site "Zaragoza"]
[Date "2019.07.18"]
[Round "5.1"]
[White "Llorente Zaro, Alfonso"]
[Black "Romero Pallares, Daniel"]
[Result "1-0"]
[WhiteElo "2445"]
[BlackElo "2230"]
[Annotator "RC"]
[PlyCount "125"]
[EventDate "2019.07.15"]
[EventType "swiss"]
[EventCountry "ESP"]
[SourceTitle "playchess.com"]
[Source "ChessBase"]
[SourceQuality "1"]
[TimeControl "5400+30"]

1. d4 {[%emt 0:00:00]} Nf6 {[%emt 0:00:00]} 2. g3 {[%emt 0:00:00]} g6 {[%emt 0:02:39]} 3. Bg2 {[%emt 0:00:00]} Bg7 {[%emt 0:00:04]} 4. Nf3 {[%emt 0:01:05]} O-O {[%emt 0:00:07]} 5. O-O {[%emt 0:00:05]} d6 {[%emt 0:01:09]} 6. a4 {[%emt 0:00:35]} Nbd7 {[%emt 0:02:03]} 7. a5 {[%emt 0:00:29]} c6 {[%emt 0:00:29]} 8. Nc3 {[%emt 0:02:05]} Qc7 {[%emt 0:02:06]} 9. e4 {[%emt 0:05:45]} e5 {[%emt 0:05:45]} 10. b3 {[%emt 0:04:10]} Re8 {[%emt 0:09:54]} 11. h3 {[%emt 0:22:08]} exd4 {[%emt 0:21:57]} 12. Nxd4 {[%emt 0:00:23]} Nc5 {[%emt 0:00:50]} 13. Re1 {[%emt 0:02:01]} Ne6 {[%emt 0:17:53]} 14. Be3 {[%emt 0:25:37]} Bd7 {[%emt 0:00:42]} 15. Qd2 {[%emt 0:00:53]} b5 {[%emt 0:09:46]} 16. axb6 {[%emt 0:01:38]} axb6 17. Nxe6 {[%emt 0:04:09]} Bxe6 {[%emt 0:03:37]} 18. Rxa8 {[%emt 0:02:47]} Rxa8 {[%emt 0:00:07]} 19. Rd1 {[%emt 0:00:33]} Rd8 20. Na4 {[%emt 0:01:05]} c5 {[%emt 0:06:21]} 21. Nc3 {[%emt 0:02:18]} Qd7 {[%emt 0:04:49]} 22. Kh2 {[%emt 0:00:18]} b5 {[%emt 0:01:00]} 23. Bg5 {[%emt 0:00:51]} b4 {[%emt 0:08:21]} 24. Na4 {[%emt 0:04:16]} Re8 {[%emt 0:00:30]} 25. Qxd6 {[%emt 0:00:30]} Qxd6 {[%emt 0:00:30]} 26. Rxd6 {[%emt 0:00:30]} Nd7 {[%emt 0:00:40]} 27. Be3 {[%emt 0:01:39]} Rc8 {[%emt 0:00:30]} 28. Bf1 {[%emt 0:00:30]} Bd4 {[%emt 0:00:30]} 29. Ba6 {[%emt 0:00:30]} Rc7 {[%emt 0:00:30]} 30. Bf4 {[%emt 0:00:30]} Ra7 {[%emt 0:00:30]} 31. Kg2 {[%emt 0:00:30]} Kf8 {[%emt 0:00:30]} 32. Bb5 {[%emt 0:00:30]} Ke7 {[%emt 0:00:30]} 33. Rc6 {[%emt 0:00:30]} f6 {[%emt 0:00:30]} 34. Bd6+ {[%emt 0:00:30]} Kf7 {[%emt 0:00:30]} 35. Nxc5 {[%emt 0:00:30]} Nxc5 {[%emt 0:00:30]} 36. Bxc5 {[%emt 0:00:30]} Bxc5 {[%emt 0:00:30]} 37. Rxc5 {[%emt 0:00:30]} Ke7 {[%emt 0:00:30]} 38. Bd3 {[%emt 0:00:30]} Rd7 {[%emt 0:00:30]} 39. Bc4 {[%emt 0:00:30]} Rd2 {[%emt 0:00:30]} 40. Bxe6 {[%emt 0:00:30]} Kxe6 {[%emt 0:00:30]} 41. Kf3 {[%emt 0:00:30]} Rd1 {[%emt 0:00:30]} 42. Ke2 {[%emt 0:00:30]} Rc1 {[%emt 0:00:30]} 43. f4 {[%emt 0:00:30]} Rh1 {[%emt 0:00:30]} 44. Kf3 {[%emt 0:00:30]} Rf1+ {[%emt 0:00:30]} 45. Kg2 {[%emt 0:00:30]} Rc1 {[%emt 0:00:30]} 46. Rc6+ {[%emt 0:00:30]} Ke7 {[%emt 0:00:30]} 47. Rc4 {[%emt 0:00:30]} Kd6 {[%emt 0:00:30]} 48. g4 {[%emt 0:00:30]} g5 {[%emt 0:00:30]} 49. e5+ {[%emt 0:00:30]} fxe5 {[%emt 0:00:30]} 50. fxg5 {[%emt 0:00:30]} Kd5 {[%emt 0:00:30]} 51. h4 {[%emt 0:00:30]} e4 {[%emt 0:00:30]} 52. h5 {[%emt 0:00:30]} Ke5 {[%emt 0:00:30]} 53. g6 {[%emt 0:00:30]} hxg6 {[%emt 0:00:30]} 54. hxg6 {[%emt 0:00:30]} Rd1 {[%emt 0:00:30]} 55. g7 {[%emt 0:00:30]} Rd8 {[%emt 0:00:30]} 56. Kg3 {[%emt 0:00:30]} Rg8 {[%emt 0:00:30]} 57. Rc7 {[%emt 0:00:30]} Kd6 {[%emt 0:00:30]} 58. Rb7 {[%emt 0:00:30]} Ke5 {[%emt 0:00:30]} 59. Rb5+ {[%emt 0:00:30]} Kd4 {[%emt 0:00:30]} 60. Rxb4+ {[%emt 0:00:30]} Ke3 {[%emt 0:00:30]} 61. Rb7 {[%emt 0:00:30]} Re8 {[%emt 0:00:30]} 62. Rf7 {[%emt 0:00:30]} Rg8 {[%emt 0:00:30]} 63. Re7 {[%emt 0:00:30]} 1-0

[Event "Magistral Ajedrez 2019"]
[Site "Zaragoza"]
[Date "2019.07.18"]
[Round "5.2"]
[White "Gomez Anadon, Daniel"]
[Black "Sos Andreu, Eric"]
[Result "1-0"]
[WhiteElo "2305"]
[BlackElo "2343"]
[Annotator "TA"]
[PlyCount "85"]
[EventDate "2019.07.15"]
[EventType "swiss"]
[EventCountry "ESP"]
[SourceTitle "playchess.com"]
[Source "ChessBase"]
[SourceQuality "1"]

{[%evp 9,85,27,31,10,25,20,26,9,29,25,23,23,31,20,29,22,72,48,58,54,53,50,46,51,55,13,27,16,18,31,23,0,0,0,1,0,0,-37,-13,-16,-16,-49,-12,-15,-13,-80,16,-185,-36,-630,-642,-649,-623,-610,-624,-729,-726,-696,-717,-710,-687,-1128,-1072,-29984,-29985,-29985,29993,29994,29994,-29992,29995,29996,29996,29997,29997,29998,29998,29999]} 1. e4 c6 2. Nc3 ({Predecessor:} 2. Nf3 d5 {½-½ (26) Vorobiov,E (2547)-Tica,S (2441) Nova Gorica 2018}) 2... d5 3. Nf3 Nf6 4. e5 Ne4 5. Ne2 Qb6 {[%csl Ge4][%cal Rb6f2]} 6. d4 {B11: Caro-Kann: Two Knights Variation} e6 7. Ng3 c5 8. c3 $146 {White has an edge.} (8. Bd3 Nxg3 9. hxg3 cxd4 10. Ng5 Nc6 11. Nxh7 Bd7 12. Qe2 O-O-O 13. O-O {0-1 (30) Mamedov,R (2703)-Piorun,K (2634) St Petersburg 2018}) 8... Nc6 9. Bd3 Nxg3 10. hxg3 cxd4 11. cxd4 Bd7 12. Kf1 Rc8 (12... Nxd4 $2 13. Be3 $18) 13. a3 Be7 (13... Nxd4 $2 14. Be3 $18) 14. g4 Na5 ({Avoid the trap} 14... Nxd4 $2 15. Be3 $18) 15. b4 Nc4 16. g3 a5 17. Rb1 axb4 18. axb4 Bb5 19. Kg2 Kd7 20. Bg5 h6 21. Bxe7 Kxe7 22. Rh4 Ra8 23. Bxc4 dxc4 24. d5 exd5 {And now ...Ra2! would win.} 25. Nd4 Bd7 {aiming for ...Rhe8.} 26. Nf5+ $1 {[%mdl 64] Discovered Attack} Kf8 27. b5 {[#]} (27. Nd6 $11) 27... Ra2 $1 28. Nd4 $2 (28. Qf3 $11 {and White has nothing to worry.}) 28... c3 $40 {[%mdl 128] [#] Black is up to no good.} (28... g5 $19 29. Rh1 c3) 29. Qb3 $2 {[%mdl 8192] [#]} (29. g5 $1 $15 {[%mdl 512]}) 29... Rxf2+ $1 $19 {[%mdl 512]} 30. Kxf2 Qxd4+ {[%mdl 64] Double Attack} 31. Kg2 Qd2+ 32. Kf3 {intending Rd1.} c2 33. Qa3+ Kg8 34. Rbh1 Bxb5 {( -> ...Qe2+)} 35. R4h2 Qd1+ 36. Ke3 d4+ 37. Kf4 Bc6 $4 {[%mdl 8192]} (37... g5+ 38. Kf5 Kg7 39. e6 Bf1 40. Rxf1 Qxf1+ 41. Ke5 c1=Q 42. Qxc1 Qxc1 43. e7 Qe3+ {[%mdl 64] Double Attack} 44. Kd5 Qxe7 45. Rc2 Qe3 46. Rc7 Rd8+ 47. Kc5 Qa3+ 48. Kb6 Rd6+ 49. Rc6 Rxc6+ 50. Kxb7 Qa6+ 51. Kb8 Rc8#) 38. Qa8+ Kh7 {[#]} 39. Rxh6+ $1 {[%mdl 576] Deflection} gxh6 {[#]} 40. Rxh6+ $1 {[%mdl 512] White mates.} Kxh6 41. Qxh8+ Kg6 42. Qg8+ Kh6 43. g5+ {Accuracy: White = 52%, Black = 67%.} 1-0

[Event "Magistral Ajedrez 2019"]
[Site "Zaragoza"]
[Date "2019.07.18"]
[Round "5.3"]
[White "Villuendas Valero, Adrian"]
[Black "Kovacevic, Slobodan"]
[Result "1-0"]
[WhiteElo "2250"]
[BlackElo "2257"]
[Annotator "NA"]
[PlyCount "159"]
[EventDate "2019.07.15"]
[EventType "swiss"]
[EventCountry "ESP"]
[SourceTitle "playchess.com"]
[Source "ChessBase"]
[SourceQuality "1"]
[TimeControl "5400+30"]

1. d4 {[%emt 0:00:00]} Nf6 {[%emt 0:00:25]} 2. c4 {[%emt 0:00:00]} e6 {[%emt 0:00:35]} 3. Nc3 {[%emt 0:00:45]} c5 {[%emt 0:01:03]} 4. d5 {[%emt 0:00:12]} exd5 {[%emt 0:00:06]} 5. cxd5 {[%emt 0:00:12]} d6 {[%emt 0:01:04]} 6. Nf3 {[%emt 0:00:27]} g6 {[%emt 0:00:53]} 7. Qa4+ {[%emt 0:01:10] A61: Modern Benoni: Nf3 without early e4} (7. Bf4 Bg7 8. h3 O-O 9. e3 Na6 10. Bc4 Nc7 11. O-O Re8 12. a4 b6 13. Nb5 Nxb5 14. axb5 Ne4 15. Ra2 g5 {½-½ (39) Vallejo Pons,F (2698)-Lagarde,M (2604) chess.com INT 2019}) 7... Bd7 {[%emt 0:05:34]} 8. Qb3 {[%emt 0:00:13]} Bc8 {[%emt 0:01:59]} 9. e4 {[%emt 0:11:23]} a6 {[%emt 0:04:31]} 10. a4 {[%emt 0:01:23]} Qa5 $146 {[%emt 0:04:07]} ({Predecessor:} 10... Bg7 11. Bd3 O-O 12. O-O Nbd7 13. Bf4 Qc7 14. h3 Re8 15. Rfe1 Nh5 16. Bh2 Ne5 17. Be2 Nxf3+ 18. Bxf3 Nf6 19. Qc2 Nd7 20. Be2 Be5 {½-½ (20) Li,R (2423)-Le,T (2328) Tagaytay City 2011}) 11. Bd2 {[%emt 0:06:34]} Nbd7 {[%emt 0:03:22]} 12. Ra3 {[%emt 0:13:51]} Rb8 {[%emt 0:06:29]} 13. Be2 {[%emt 0:10:26]} Qc7 {[%emt 0:03:41]} 14. O-O {[%emt 0:01:56]} Bg7 {[%emt 0:00:51]} 15. h3 {[%emt 0:07:40]} O-O {[%emt 0:13:00]} 16. Re1 {[%emt 0:02:35]} Re8 {[%emt 0:08:15]} 17. Bf1 {[%emt 0:01:03]} Nh5 {[%emt 0:12:19]} 18. g4 {[%emt 0:07:05]} Nhf6 {[%emt 0:00:25]} 19. Bf4 {[%emt 0:01:22]} h5 {[%emt 0:00:23]} 20. g5 {[%emt 0:03:20]} Nh7 {[%emt 0:00:55]} 21. Nd2 {[%emt 0:12:38]} Bd4 {[%emt 0:04:24]} 22. Nf3 {[%emt 0:05:16]} Bg7 {[%emt 0:06:42]} 23. Qd1 {[%emt 0:04:03]} c4 {[%emt 0:04:18]} 24. b4 {[%emt 0:06:33]} Bf8 {[%emt 0:07:12]} (24... Ne5 $11) 25. Qd2 {[%emt 0:01:09]} (25. a5 $16) 25... Ne5 {[%emt 0:00:08]} 26. Nd4 {[%emt 0:00:32]} Bg7 {[%emt 0:00:56]} 27. Be3 {[%emt 0:00:34]} Nd3 {[%emt 0:04:20] Double Attack} 28. Rb1 {[%emt 0:01:31]} Bd7 {[%emt 0:00:37]} 29. h4 {[%emt 0:00:36]} Ne5 {[%emt 0:00:14]} 30. f3 {[%emt 0:00:19]} Rbc8 {[%emt 0:01:41]} 31. Be2 {[%emt 0:00:22]} Qd8 {[%emt 0:00:28]} 32. Nd1 {[%emt 0:00:38]} ({White should try} 32. a5 $14) 32... Qe7 {[%emt 0:00:39]} 33. Nf2 {[%emt 0:00:23]} Kh8 {[%emt 0:01:13]} 34. Rc1 {[%emt 0:00:40]} b5 {[%emt 0:01:56]} ({Black should try} 34... f5 $14) 35. axb5 {[%emt 0:00:28]} axb5 {[%emt 0:00:14]} 36. Nd1 {[%emt 0:00:19]} Rb8 {[%emt 0:00:25]} 37. Nc3 {[%emt 0:00:13]} Rb7 {[%emt 0:00:01]} 38. Rca1 {[%emt 0:00:11]} Reb8 $18 {[%emt 0:00:57]} (38... Rc8 {might work better.} 39. Ra8 Qf8) 39. Ra6 {[%emt 0:01:07]} (39. f4 $142) 39... Rc8 {[%emt 0:01:42]} (39... Kg8 $16 40. R1a5 Qe8) 40. Ra7 {[%emt 0:00:23]} Rxa7 {[%emt 0:00:30]} 41. Rxa7 {[%emt 0:00:07]} Qe8 {[%emt 0:00:02]} 42. Ra5 {[%emt 0:01:11]} Rb8 {[%emt 0:00:07]} 43. Ra6 {[%emt 0:00:29]} Bf8 {[%emt 0:00:14]} 44. Nc2 {[%emt 0:00:39]} Ra8 {[%emt 0:00:52]} 45. Rxa8 {[%emt 0:00:18]} Qxa8 {[%emt 0:00:01]} 46. Bd4 {[%emt 0:00:15]} Kg8 {[%emt 0:00:10]} 47. f4 {[%emt 0:00:44]} Ng4 {[%emt 0:00:14]} 48. Bf3 {[%emt 0:00:31]} Qb8 {[%emt 0:00:34]} 49. Qe2 {[%emt 0:00:18]} Be7 {[%emt 0:00:32]} 50. e5 {[%emt 0:00:49]} Bf5 {[%emt 0:00:26]} 51. Be4 {[%emt 0:00:27]} Bd7 {[%emt 0:01:57]} 52. e6 {[%emt 0:00:33]} Be8 {[%emt 0:00:18]} 53. f5 {[%emt 0:00:13]} gxf5 {[%emt 0:00:51]} 54. Bxf5 {[%emt 0:00:15]} Ne5 {[%emt 0:00:17]} 55. Qxh5 {[%emt 0:01:03]} Nf8 {[%emt 0:00:00]} 56. Qe2 {[%emt 0:00:37]} fxe6 {[%emt 0:00:41]} 57. dxe6 {[%emt 0:00:06]} Bc6 {[%emt 0:00:09]} 58. Be4 {[%emt 0:00:34]} Qa8 {[%emt 0:00:28]} 59. Bxc6 {[%emt 0:00:50]} Qxc6 {[%emt 0:00:11]} 60. Bxe5 {[%emt 0:00:31]} dxe5 {[%emt 0:00:03]} 61. Qe4 {[%emt 0:00:20]} Qb6+ {[%emt 0:00:41]} 62. Kf1 {[%emt 0:00:27]} Qxe6 {[%emt 0:00:21]} 63. Qd5 {[%emt 0:00:24]} Qxd5 {[%emt 0:02:36]} 64. Nxd5 {[%emt 0:00:06]} Bd8 {[%emt 0:00:02]} 65. Kf2 {[%emt 0:00:33]} Kf7 {[%emt 0:00:07]} 66. Kf3 {[%emt 0:00:30]} Ke6 {[%emt 0:00:51]} 67. Nc3 {[%emt 0:00:16]} Ng6 {[%emt 0:00:38]} 68. Kg4 {[%emt 0:00:24]} Nf4 {[%emt 0:00:22]} 69. h5 {[%emt 0:00:18]} Be7 {[%emt 0:00:31]} 70. h6 {[%emt 0:00:20]} Ng6 {[%emt 0:00:23]} 71. Nxb5 {[%emt 0:00:50]} e4 {[%emt 0:00:41]} 72. Nc3 {[%emt 0:00:28]} Ke5 {[%emt 0:00:29]} 73. b5 {[%emt 0:00:50]} Bc5 {[%emt 0:00:01]} 74. Na4 {[%emt 0:00:56]} Bd6 {[%emt 0:00:21]} 75. Nb6 {[%emt 0:00:35]} c3 {[%emt 0:00:29]} 76. Nc4+ {[%emt 0:00:33]} Kd5 {[%emt 0:00:09]} 77. Nxd6 {[%emt 0:00:11]} Kxd6 {[%emt 0:00:04]} 78. Kf5 {[%emt 0:00:06]} Nh4+ {[%emt 0:00:18]} 79. Kf6 {[%emt 0:00:22]} Ng2 {[%emt 0:00:23]} 80. h7 {[%emt 0:00:08]} 1-0

[Event "Magistral Ajedrez 2019"]
[Site "Zaragoza"]
[Date "2019.07.18"]
[Round "5.4"]
[White "Randazzo, Adrian"]
[Black "Dardha, Daniel"]
[Result "0-1"]
[WhiteElo "2227"]
[BlackElo "2420"]
[Annotator "NA"]
[PlyCount "137"]
[EventDate "2019.07.15"]
[EventType "swiss"]
[EventCountry "ESP"]
[SourceTitle "playchess.com"]
[Source "ChessBase"]
[SourceQuality "1"]
[TimeControl "5400+30"]

1. Nf3 {[%emt 0:00:00]} b6 {[%emt 0:00:39]} 2. e4 {[%emt 0:00:14]} Bb7 {[%emt 0:00:06]} 3. Nc3 {[%emt 0:00:46]} Nf6 {[%emt 0:09:15]} (3... e6 4. d4 Bb4 5. Bd3 Nf6 6. Qe2 d5 7. exd5 Qxd5 8. O-O Bxc3 9. bxc3 Nbd7 10. c4 Qh5 11. Bf4 Rc8 12. a4 a5 13. Rab1 O-O 14. Rb5 c5 15. dxc5 Rxc5 {0-1 (29) Eljanov,P (2734)-Carlsen,M (2827) Douglas 2017}) 4. e5 {[%emt 0:00:52]} Nd5 {[%emt 0:01:15]} 5. Nxd5 {[%emt 0:03:34]} Bxd5 {[%emt 0:00:10]} 6. d4 {[%emt 0:00:17] B00: Queen's Fianchetto Defence, Nimzowitsch Defence} e6 {[%emt 0:00:48]} 7. Bd3 {[%emt 0:02:53]} Be7 {[%emt 0:01:11]} 8. Qe2 {[%emt 0:01:27]} c5 {[%emt 0:05:17]} 9. c4 {[%emt 0:04:26]} Bc6 {[%emt 0:09:19]} 10. Bd2 $146 {[%emt 0:10:18]} ({Predecessor:} 10. O-O h6 11. b3 O-O 12. Bc2 f5 13. exf6 Bxf6 {1-0 (22) Tenyi,J (2204)-Kalo,I (1975) Hungary 2001}) 10... d5 {[%emt 0:07:21]} 11. exd6 {[%emt 0:06:35]} Qxd6 {[%emt 0:00:18]} 12. dxc5 {[%emt 0:02:04]} Qxc5 {[%emt 0:03:20]} 13. O-O {[%emt 0:33:22]} Nd7 {[%emt 0:01:03]} 14. Be3 {[%emt 0:03:58]} Qh5 {[%emt 0:00:47]} 15. Nd4 {[%emt 0:00:22]} Qxe2 {[%emt 0:00:12]} 16. Bxe2 {[%emt 0:00:11]} Bb7 {[%emt 0:01:14]} 17. Nb5 {[%emt 0:01:33]} O-O {[%emt 0:07:34]} 18. Rfd1 {[%emt 0:00:10]} Rfd8 {[%emt 0:01:02]} 19. Rd2 {[%emt 0:01:24]} a6 {[%emt 0:09:08]} 20. Rad1 {[%emt 0:03:53]} Nc5 {[%emt 0:00:17]} 21. Nc3 {[%emt 0:00:54]} Rxd2 {[%emt 0:04:13]} 22. Rxd2 {[%emt 0:00:08]} a5 {[%emt 0:06:33]} 23. b3 {[%emt 0:02:19]} Bc6 {[%emt 0:01:00]} 24. f3 {[%emt 0:03:38]} Kf8 {[%emt 0:01:51]} 25. Kf2 {[%emt 0:01:13]} Bh4+ {[%emt 0:01:41]} 26. g3 {[%emt 0:00:27]} Bf6 {[%emt 0:02:10]} 27. Rd6 {[%emt 0:02:18]} Rc8 {[%emt 0:03:05]} 28. Nb5 {[%emt 0:00:56]} Ke7 {[%emt 0:02:11]} 29. Rd2 {[%emt 0:02:02]} Bd7 {[%emt 0:10:02]} 30. Bf4 {[%emt 0:04:23]} Kf8 {[%emt 0:01:19]} 31. Bd6+ {[%emt 0:01:08]} Be7 {[%emt 0:00:07]} 32. Bf4 {[%emt 0:00:31]} g5 {[%emt 0:01:46]} 33. Be3 {[%emt 0:00:25]} Rd8 {[%emt 0:02:35]} 34. Rd1 {[%emt 0:00:30]} h6 {[%emt 0:00:59]} 35. h4 {[%emt 0:00:24]} f6 {[%emt 0:01:43]} 36. hxg5 {[%emt 0:00:10]} hxg5 {[%emt 0:00:04]} 37. g4 {[%emt 0:01:19]} Kg7 {[%emt 0:00:27]} 38. Nc3 {[%emt 0:00:35]} Rh8 {[%emt 0:00:53]} 39. Kg3 {[%emt 0:00:32]} Bc6 {[%emt 0:00:18]} 40. Bf1 {[%emt 0:01:44]} Kf7 {[%emt 0:01:08]} 41. Bg2 {[%emt 0:00:37]} f5 {[%emt 0:01:28]} 42. gxf5 {[%emt 0:02:28]} exf5 {[%emt 0:00:01]} 43. Kf2 {[%emt 0:01:13]} f4 {[%emt 0:01:02]} 44. Bd4 {[%emt 0:00:16]} Rd8 {[%emt 0:00:06]} 45. Bh3 {[%emt 0:00:51]} Bf6 {[%emt 0:03:12]} 46. Nd5 {[%emt 0:02:00]} Bxd4+ {[%emt 0:01:27]} 47. Rxd4 {[%emt 0:00:03]} Bxd5 {[%emt 0:00:05]} 48. cxd5 {[%emt 0:00:11]} Kf6 {[%emt 0:00:07]} 49. Rd2 {[%emt 0:01:22]} Rd6 {[%emt 0:00:56]} 50. Bf1 {[%emt 0:00:10] [#]} g4 $1 {[%emt 0:01:05]} 51. Bc4 {[%emt 0:00:22]} g3+ {[%emt 0:00:14]} 52. Kg1 $2 {[%emt 0:00:44]} (52. Kg2) 52... Nd7 {[%emt 0:00:37]} 53. Rd4 {[%emt 0:00:53]} Ke5 {[%emt 0:00:55]} 54. Re4+ {[%emt 0:00:07]} Kf5 {[%emt 0:00:04]} 55. Re8 {[%emt 0:00:47]} Ne5 {[%emt 0:01:04]} 56. Rf8+ {[%emt 0:00:45]} Rf6 {[%emt 0:00:38]} 57. Rh8 {[%emt 0:00:23]} Nxf3+ {[%emt 0:00:07]} 58. Kg2 {[%emt 0:00:01]} Ne5 {[%emt 0:00:38]} 59. Be2 {[%emt 0:01:36]} Ke4 {[%emt 0:00:21]} 60. Re8 {[%emt 0:00:37]} f3+ {[%emt 0:00:55]} 61. Bxf3+ {[%emt 0:00:05]} Rxf3 {[%emt 0:00:03]} 62. Rxe5+ {[%emt 0:01:00]} Kxe5 {[%emt 0:00:08]} 63. Kxf3 {[%emt 0:00:03]} Kxd5 {[%emt 0:00:08]} 64. Kxg3 {[%emt 0:00:01]} Kd4 {[%emt 0:00:40]} 65. Kf4 {[%emt 0:00:05]} Kc3 {[%emt 0:00:06]} 66. Ke4 {[%emt 0:01:28]} Kb2 {[%emt 0:00:05]} 67. Kd4 {[%emt 0:00:47]} Kxa2 {[%emt 0:00:07]} 68. Kc4 {[%emt 0:00:21]} Kb2 {[%emt 0:00:05]} 69. Kd4 0-1

[Event "Magistral Ajedrez 2019"]
[Site "Zaragoza"]
[Date "2019.07.18"]
[Round "5.5"]
[White "Chueca Forcen, Alberto"]
[Black "Shome Shiv"]
[Result "1/2-1/2"]
[WhiteElo "2283"]
[BlackElo "2298"]
[Annotator "TA"]
[PlyCount "69"]
[EventDate "2019.07.15"]
[EventType "swiss"]
[EventCountry "ESP"]
[SourceTitle "playchess.com"]
[Source "ChessBase"]
[SourceQuality "1"]

{[%evp 18,69,17,8,16,0,18,1,11,5,20,0,25,60,54,52,44,33,33,23,25,18,18,0,4,0,0,0,23,-31,-37,-16,0,0,0,-33,-51,-43,-35,-26,0,0,0,0,0,0,0,0,0,0,0,0,0,0]} 1. d4 d5 2. c4 dxc4 3. e4 Nf6 4. e5 Nd5 5. Bxc4 Nb6 6. Bb3 Nc6 7. Nf3 Bg4 8. Bxf7+ Kxf7 9. Ng5+ Ke8 10. Qxg4 Qxd4 {D20: Queen's Gambit Accepted: 3 e3 and 3 e4} 11. Qe2 Qxe5 12. Be3 $1 Nd5 13. Nf3 Qf5 14. O-O {[#]} Kd7 $146 ({Predecessor:} 14... Rd8 15. Nc3 e6 16. Rfe1 Be7 17. Bd2 Nxc3 18. bxc3 {½-½ (54) Seirawan,Y (2595)-Speelman,J (2625) Saint John 1988}) 15. Nc3 Nxc3 16. bxc3 Rd8 17. Rfd1+ Kc8 18. Rxd8+ Kxd8 19. Rd1+ Kc8 20. Qd2 {[#] Threatens to win with Ne5!} b6 $1 21. Nd4 Nxd4 22. Qxd4 ({Don't play} 22. cxd4 e6 $15) 22... Kb7 23. h3 (23. Bf4 $11) 23... e6 $15 24. Qd7 Rg8 25. Qe8 Qc2 26. Rf1 (26. Re1 $5 {[%cal Re8e6]} Qg6 27. Qxg6 hxg6 28. Bg5 $11) 26... Qg6 27. Qd7 Bd6 28. Rd1 Kb8 29. Rxd6 {The position is equal.} cxd6 30. Qxd6+ $11 {KQR-KQB} Kb7 31. Qd7+ Ka6 32. Qa4+ Kb7 {aiming for ...Rd8.} 33. Qd7+ Ka6 34. Qa4+ Kb7 {And now ...Rd8 would win.} 35. Qd7+ {Accuracy: White = 65%, Black = 62%.} 1/2-1/2

[Event "Magistral Ajedrez 2019"]
[Site "Zaragoza"]
[Date "2019.07.18"]
[Round "6.1"]
[White "Romero Pallares, Daniel"]
[Black "Shome Shiv"]
[Result "1-0"]
[WhiteElo "2230"]
[BlackElo "2298"]
[Annotator "TA"]
[PlyCount "125"]
[EventDate "2019.07.15"]
[EventType "swiss"]
[EventCountry "ESP"]
[SourceTitle "playchess.com"]
[Source "ChessBase"]
[SourceQuality "1"]

{[%evp 22,125,0,-3,0,0,6,-17,3,13,10,6,15,0,14,-11,0,0,12,25,54,50,82,73,73,68,91,73,106,106,106,106,106,106,106,106,106,106,106,106,106,106,106,106,106,106,106,106,106,106,106,106,106,106,106,106,106,101,106,106,110,91,133,120,132,130,130,113,1922,1413,1414,762,1295,1035,1370,5297,5363,5363,5177,5152,5111,5069,4908,4014,1526,1168,4503,4354,3814,3272,2533,2394,1127,1026,1991,1608,12785,11460,6615,7533,5719,5472,29987,29988,29988,29989]} 1. e4 e5 2. Nf3 Nc6 3. Bb5 a6 4. Ba4 Nf6 5. Qe2 b5 6. Bb3 Be7 7. c3 d6 8. O-O Na5 9. Bc2 c5 10. d3 Nc6 11. Nbd2 {[%cal Bb1d2,Bd2f1,Bf1g3][%mdl 32]} O-O 12. Re1 Re8 {C90: Closed Ruy Lopez with 7...d6: Early deviations} 13. Nf1 Bf8 (13... h6 14. Ne3 Be6 15. h3 Bf8 16. Nh2 d5 17. exd5 Nxd5 18. Nxd5 Bxd5 19. a4 Rb8 20. axb5 axb5 {½-½ (41) Ponkratov,P (2590)-Sychev,K (2459) Sochi 2017}) 14. Ng3 g6 {The position is equal.} 15. h3 Bb7 $146 ({Predecessor:} 15... Bg7 16. Be3 Bd7 17. a3 h6 18. b4 cxb4 19. axb4 a5 20. bxa5 Rxa5 {0-1 (34) Tillyaev,U (2310)-Tereladze,S (2143) Batumi 2017}) 16. Bg5 h6 17. Bd2 Bg7 18. Nh2 Qd7 19. Ng4 Nxg4 20. hxg4 Bc8 21. f3 Qe7 22. Kf2 Qf6 23. Rh1 Bxg4 24. Bxh6 {And now Qd2 would win.} Bxh6 25. Rxh6 Kg7 26. Rah1 {Black must now prevent Kg1.} Rh8 27. Qe3 Qf4 28. Rxh8 Rxh8 29. Rxh8 Kxh8 30. Qxf4 exf4 31. fxg4 fxg3+ 32. Kxg3 $16 {[%mdl 4096] Endgame KB-KN} g5 33. Bd1 Kg7 34. Kf2 f6 35. Ke3 Kf8 36. d4 Ke7 37. Bb3 Kd7 38. Bd5 Ne7 39. Kd3 Kc7 40. Bf7 Kd7 41. a4 Kc7 42. Be8 bxa4 43. Kc4 cxd4 44. Kxd4 Nc6+ $2 {[%mdl 8192] [#]} (44... a3 $16 45. bxa3 Kd8) 45. Bxc6 $1 $18 Kxc6 {KP-KP} 46. Kc4 a5 47. Kd4 Kb6 48. Kd5 (48. c4 $142 Kc6 49. g3) 48... Kb5 {[#]} 49. g3 $1 a3 50. bxa3 Ka4 51. Kxd6 Kxa3 52. c4 a4 53. c5 {c6 is the strong threat.} Kb2 54. c6 a3 55. c7 a2 56. c8=Q a1=Q {KQ-KQ} 57. Ke7 Qa3+ 58. Kxf6 Qxg3 59. Qf5 Qd6+ 60. Kxg5 {White wants to mate with Qf6+.} Qd2+ 61. Kg6 Kc1 62. Qg5 Qxg5+ 63. Kxg5 {Accuracy: White = 77%, Black = 46%.} 1-0